[Event "BPB Limburg open"]
[Site "Maastricht"]
[Date "2015.05.24"]
[Round "4"]
[White "Majhi, Ankit"]
[Black "Beerdsen, Thomas"]
[Result "1/2-1/2"]
[WhiteElo "2178"]
[BlackElo "2291"]
[PlyCount "96"]
[EventDate "2015.05.22"]
[EventType "swiss"]
[EventRounds "7"]
[EventCountry "NED"]
[Source "P.Boonen"]
[SourceDate "2015.10.01"]

1. e4 c5 2. Nf3 d6 3. d4 cxd4 4. Nxd4 Nf6 5. Nc3 a6 6. f3 e6 7. Be3 b5 8. Qd2
b4 9. Nce2 e5 10. Nb3 Nc6 11. c4 a5 12. Ng3 a4 13. Nc1 h5 14. Bd3 h4 15. Nge2
Be6 16. O-O Qa5 17. Rb1 Be7 18. b3 a3 19. Bc2 h3 20. g3 O-O 21. Nd3 Bd8 22. Nf2
Bb6 23. Bxb6 Qxb6 24. Rbd1 Rad8 25. Kh1 Kh7 26. Qg5 Rh8 27. Rd3 Na5 28. Nf4 Kg8
29. Nxe6 fxe6 30. Ng4 Rf8 31. Qg6 Qc7 32. f4 Qe7 33. Rdf3 Nxg4 34. Qxg4 Nc6 35.
Bd3 Rh6 36. R3f2 Qa7 37. f5 Rff6 38. c5 dxc5 39. Bc4 Kf8 40. fxe6 Qe7 41. Rxf6+
Rxf6 42. Qxh3 Rxf1+ 43. Bxf1 Qf6 44. Bb5 Qf3+ 45. Kg1 Qe3+ 46. Kf1 Qf3+ 47. Kg1
Qe3+ 48. Kf1 Qf3+ 1/2-1/2

[Event "BPB Limburg open"]
[Site "Maastricht"]
[Date "2015.05.24"]
[Round "4"]
[White "Martens, Martin"]
[Black "Goudriaan, Etienne"]
[Result "1/2-1/2"]
[WhiteElo "2417"]
[BlackElo "2372"]
[PlyCount "43"]
[EventDate "2015.05.22"]
[EventType "swiss"]
[EventRounds "7"]
[EventCountry "NED"]
[Source "P.Boonen"]
[SourceDate "2015.10.01"]

1. e4 c5 2. Nf3 d6 3. Bb5+ Nd7 4. O-O a6 5. Bd3 Ngf6 6. c3 b5 7. Bc2 Bb7 8. Re1
Qc7 9. d3 e6 10. Nbd2 Be7 11. Nf1 Ne5 12. N3d2 Ng6 13. Nf3 Rc8 14. h3 d5 15.
Qe2 c4 16. Ng3 cxd3 17. Bxd3 dxe4 18. Nxe4 Nf4 19. Bxf4 Qxf4 20. Nxf6+ Bxf6 21.
Be4 Bxe4 22. Qxe4 1/2-1/2

[Event "BPB Limburg open"]
[Site "Maastricht"]
[Date "2015.05.24"]
[Round "4"]
[White "Martinez Reyes, Pedro Ramon"]
[Black "Braun, Christian1"]
[Result "0-1"]
[WhiteElo "2322"]
[BlackElo "2424"]
[PlyCount "102"]
[EventDate "2015.05.22"]
[EventType "swiss"]
[EventRounds "7"]
[EventCountry "NED"]
[Source "P.Boonen"]
[SourceDate "2015.10.01"]

1. e4 e6 2. d4 d5 3. Nd2 Be7 4. Ngf3 Nf6 5. Bd3 c5 6. exd5 Qxd5 7. dxc5 Nbd7 8.
Qe2 Nxc5 9. Bc4 Qd6 10. O-O O-O 11. Nb3 b6 12. Rd1 Qc7 13. Rd4 Nxb3 14. axb3
Bb7 15. Bf4 Qc5 16. Be3 Qh5 17. Ne1 Qxe2 18. Bxe2 Nd5 19. Bc1 Bf6 20. Rd1 a5
21. Bf3 Rad8 22. Nd3 Ba8 23. Bd2 h6 24. Bxd5 Bxd5 25. Bc3 Rc8 26. Bxf6 gxf6 27.
c4 Be4 28. f3 Bg6 29. Kf2 Rfd8 30. Ke2 Kf8 31. Ne1 Rxd1 32. Kxd1 Ke7 33. Kd2
Rc5 34. Nc2 Bxc2 35. Kxc2 Re5 36. Kd3 Kd6 37. f4 Rh5 38. h3 Kc5 39. Ra4 e5 40.
Ke3 Rh4 41. fxe5 fxe5 42. b4+ axb4 43. b3 f5 44. Ra8 Re4+ 45. Kd3 Rd4+ 46. Ke3
f4+ 47. Ke2 Re4+ 48. Kd2 Re3 49. Rd8 Rxb3 50. Rd5+ Kxc4 51. Rxe5 Rb2+ 0-1

[Event "BPB Limburg open"]
[Site "Maastricht"]
[Date "2015.05.24"]
[Round "4"]
[White "Merx, Bob"]
[Black "Thompson, Ian D"]
[Result "1/2-1/2"]
[WhiteElo "2099"]
[BlackElo "2202"]
[PlyCount "137"]
[EventDate "2015.05.22"]
[EventType "swiss"]
[EventRounds "7"]
[EventCountry "NED"]
[Source "P.Boonen"]
[SourceDate "2015.10.01"]

1. e4 e6 2. d3 d5 3. Nd2 Nf6 4. Ngf3 Nc6 5. c3 b6 6. Be2 Bd6 7. O-O O-O 8. Re1
Re8 9. Bf1 e5 10. g3 dxe4 11. dxe4 Bb7 12. Qc2 a6 13. a4 Bf8 14. Nc4 b5 15. Na3
b4 16. Nc4 Nd7 17. Be3 Nc5 18. Bxc5 Bxc5 19. Ne3 Qf6 20. Bg2 Bxe3 21. Rxe3 Qe7
22. Rd1 Rad8 23. Red3 Rxd3 24. Rxd3 a5 25. Qd1 Nb8 26. Nh4 g6 27. Bf3 Bc6 28.
Ng2 Na6 29. Ne3 Rb8 30. Nd5 Qc5 31. Qd2 Bxd5 32. Rxd5 Qc6 33. Be2 Nc5 34. Bb5
Qb6 35. Qe3 bxc3 36. bxc3 Ne6 37. Qd3 c6 38. Rd6 Rd8 39. Rxd8+ Qxd8 40. Qxd8+
Nxd8 41. Bc4 Kf8 42. f3 Ke7 43. Kf2 Nb7 44. Bb3 h6 45. Ke3 Nc5 46. Bc2 Ke6 47.
Bd1 f5 48. Bc2 Kf6 49. Kf2 f4 50. g4 h5 51. gxh5 gxh5 52. Kg2 Kg5 53. Kh3 Nd7
54. Bd1 Nb6 55. Bb3 c5 56. Kg2 c4 57. Bd1 Nd7 58. Be2 Nc5 59. Bd1 Nd3 60. Kg1
h4 61. Kf1 Kf6 62. Bc2 Nc5 63. Ke2 Ke7 64. Kd2 Kd6 65. Ke2 Ne6 66. Kf2 h3 67.
Ke2 Nf8 68. Kf2 Ng6 69. Bd1 1/2-1/2

[Event "BPB Limburg open"]
[Site "Maastricht"]
[Date "2015.05.24"]
[Round "4"]
[White "Miedema, David"]
[Black "Coenen, Michael"]
[Result "1/2-1/2"]
[WhiteElo "2348"]
[BlackElo "2428"]
[PlyCount "22"]
[EventDate "2015.05.22"]
[EventType "swiss"]
[EventRounds "7"]
[EventCountry "NED"]
[Source "P.Boonen"]
[SourceDate "2015.10.01"]

1. d4 Nf6 2. c4 e6 3. Nc3 d5 4. cxd5 Nxd5 5. e4 Nxc3 6. bxc3 c5 7. Nf3 cxd4 8.
cxd4 Bb4+ 9. Bd2 Bxd2+ 10. Qxd2 O-O 11. Be2 b6 1/2-1/2

[Event "BPB Limburg open"]
[Site "Maastricht"]
[Date "2015.05.24"]
[Round "4"]
[White "Mollema, Thomas"]
[Black "Roos, Adrian"]
[Result "0-1"]
[WhiteElo "2262"]
[BlackElo "2229"]
[PlyCount "30"]
[EventDate "2015.05.22"]
[EventType "swiss"]
[EventRounds "7"]
[EventCountry "NED"]
[Source "P.Boonen"]
[SourceDate "2015.10.01"]

1. e4 c5 2. Nf3 d6 3. c3 Nf6 4. h3 Nc6 5. Bd3 d5 6. e5 c4 7. Bc2 Nd7 8. Qe2 Qc7
9. e6 fxe6 10. Ng5 Nde5 11. Nxh7 Nd3+ 12. Bxd3 cxd3 13. Qxd3 Qe5+ 14. Kf1 Qh5
15. Nxf8 Qd1# 0-1

[Event "BPB Limburg open"]
[Site "Maastricht"]
[Date "2015.05.24"]
[Round "4"]
[White "Noiroux, Kevin"]
[Black "Mueller, Martin2"]
[Result "0-1"]
[WhiteElo "2218"]
[BlackElo "2079"]
[PlyCount "147"]
[EventDate "2015.05.22"]
[EventType "swiss"]
[EventRounds "7"]
[EventCountry "NED"]
[Source "P.Boonen"]
[SourceDate "2015.10.01"]

1. d4 e6 2. Bf4 f5 3. Nf3 Nf6 4. e3 d5 5. c4 c6 6. Nbd2 Be7 7. Be2 O-O 8. O-O
Nbd7 9. Ne5 Ne4 10. h3 Nxe5 11. Bxe5 b6 12. Rc1 Bb7 13. Nxe4 dxe4 14. c5 b5 15.
Qb3 Qd7 16. a4 a6 17. f3 exf3 18. Bxf3 Bg5 19. Kh1 bxa4 20. Qxa4 Bxe3 21. Rc3
Bd2 22. Rb3 Rac8 23. Rd1 Bg5 24. d5 exd5 25. Bxd5+ Kh8 26. Bf3 Qf7 27. Qb4 Rfe8
28. Bd6 Ba8 29. Ra3 Qb7 30. Qxb7 Bxb7 31. Rb3 Ba8 32. Rb6 a5 33. Ra6 Bf6 34. b3
Re3 35. Rb1 Bc3 36. Ra7 h6 37. Bf4 Re6 38. Rc1 Bb4 39. h4 Rce8 40. h5 R6e7 41.
Rxe7 Rxe7 42. Rd1 Re1+ 43. Rxe1 Bxe1 44. g4 fxg4 45. Bxg4 Bb7 46. Bf3 Kg8 47.
Kg2 Kf7 48. Be4 Bc3 49. Kf3 Ke6 50. Bd6 Bd4 51. Bc7 Bxc5 52. Bxa5 Bd4 53. Bc7
Kd7 54. Bf4 Ba6 55. Bf5+ Ke7 56. Ke4 Bf6 57. Be3 Be2 58. Bc5+ Kd8 59. Bg6 Bd1
60. Bf7 Kd7 61. Kf5 Bc2+ 62. Kf4 Be7 63. Bd4 Bd6+ 64. Kg4 Ke7 65. Bc4 Kf8 66.
Bc3 Bd1+ 67. Kf5 Bxh5 68. Ke6 Bc5 69. b4 Bf7+ 70. Kf5 Bxc4 71. bxc5 Kf7 72. Bd2
g6+ 73. Kg4 Kg7 74. Bc3+ 0-1

[Event "BPB Limburg open"]
[Site "Maastricht"]
[Date "2015.05.24"]
[Round "4"]
[White "Offringa, Joost"]
[Black "Nauts, Patrick"]
[Result "1-0"]
[WhiteElo "2202"]
[BlackElo "2022"]
[PlyCount "73"]
[EventDate "2015.05.22"]
[EventType "swiss"]
[EventRounds "7"]
[EventCountry "NED"]
[Source "P.Boonen"]
[SourceDate "2015.10.01"]

1. c4 e6 2. Nf3 d5 3. g3 c5 4. Bg2 Nc6 5. O-O Nf6 6. cxd5 exd5 7. d4 Be7 8. Nc3
O-O 9. dxc5 Bxc5 10. Bg5 d4 11. Bxf6 Qxf6 12. Ne4 Qe7 13. Nxc5 Qxc5 14. Rc1 Qb6
15. Qd2 Be6 16. b3 a5 17. Rfd1 Rfd8 18. Ng5 h6 19. Nxe6 fxe6 20. Rc4 e5 21.
Bxc6 bxc6 22. Rdc1 Rd6 23. Qc2 Rc8 24. Rc5 Rf6 25. Rxe5 Rcf8 26. Rf1 Qa7 27.
Qc4+ Kh8 28. Rc5 Re8 29. Qxd4 Rxe2 30. Qd8+ Kh7 31. Qd3+ Kg8 32. Rxa5 Qe7 33.
Ra8+ Kf7 34. Ra7 Qxa7 35. Qxe2 Qd4 36. Rd1 Rxf2 37. Qxf2+ 1-0

[Event "BPB Limburg open"]
[Site "Maastricht"]
[Date "2015.05.24"]
[Round "4"]
[White "Perrenet, Jacob"]
[Black "Shkapenko, Pavel"]
[Result "0-1"]
[WhiteElo "2078"]
[BlackElo "2422"]
[PlyCount "58"]
[EventDate "2015.05.22"]
[EventType "swiss"]
[EventRounds "7"]
[EventCountry "NED"]
[Source "P.Boonen"]
[SourceDate "2015.10.01"]

1. Nc3 Nf6 2. g4 Nxg4 3. e4 d6 4. Be2 Nf6 5. d4 c6 6. f4 Qa5 7. Bd2 Qb6 8. e5
Nd5 9. exd6 exd6 10. Nxd5 cxd5 11. Bc1 Be7 12. Nf3 Nc6 13. Rg1 Bf6 14. c3 Bf5
15. Qb3 Qxb3 16. axb3 O-O 17. Be3 Rfe8 18. Kd2 Re7 19. Rge1 Rae8 20. Bd1 a6 21.
b4 h6 22. Bb3 Be4 23. Rf1 Nb8 24. Ra5 Nd7 25. Bd1 Nb6 26. b3 Rc7 27. Be2 Bf5
28. Bf2 Rxe2+ 29. Kxe2 Rxc3 0-1

[Event "BPB Limburg open"]
[Site "Maastricht"]
[Date "2015.05.24"]
[Round "4"]
[White "Ratsma, Midas"]
[Black "Doggers, Peter"]
[Result "1-0"]
[WhiteElo "2182"]
[BlackElo "2253"]
[PlyCount "79"]
[EventDate "2015.05.22"]
[EventType "swiss"]
[EventRounds "7"]
[EventCountry "NED"]
[Source "P.Boonen"]
[SourceDate "2015.10.01"]

1. d4 Nf6 2. Bg5 Ne4 3. Bf4 c5 4. f3 Nf6 5. dxc5 Qa5+ 6. Nc3 Qxc5 7. e4 d6 8.
Qd2 e5 9. Be3 Qa5 10. Nb5 Qxd2+ 11. Kxd2 Na6 12. Nxa7 Bd7 13. c4 Nc5 14. Bxc5
dxc5 15. Nb5 O-O-O 16. Nc3 b5 17. cxb5 Bxb5+ 18. Kc2 Bxf1 19. Rxf1 g6 20. Nge2
Bh6 21. Rd1 Be3 22. Na4 Kc7 23. Rxd8 Rxd8 24. Rd1 Ra8 25. Nac3 Bd4 26. a4 Kc6
27. b3 h5 28. Kd3 h4 29. Kc4 Rb8 30. Rb1 Rb4+ 31. Kd3 Nd7 32. Kc2 f5 33. Nd5
Rb8 34. Nxd4+ exd4 35. Ne7+ Kd6 36. Nxg6 fxe4 37. fxe4 Rg8 38. Nxh4 Rg4 39.
Nf5+ Kc6 40. Ng3 1-0

[Event "BPB Limburg open"]
[Site "Maastricht"]
[Date "2015.05.24"]
[Round "4"]
[White "Schiffers, Sascha"]
[Black "Van Eetvelde, Ward"]
[Result "1/2-1/2"]
[WhiteElo "2103"]
[BlackElo "2102"]
[PlyCount "47"]
[EventDate "2015.05.22"]
[EventType "swiss"]
[EventRounds "7"]
[EventCountry "NED"]
[Source "P.Boonen"]
[SourceDate "2015.10.01"]

1. e4 c6 2. d4 d5 3. Nd2 g6 4. Bd3 Bg7 5. c3 e6 6. Ne2 b6 7. O-O Ne7 8. e5 Ba6
9. Bc2 c5 10. Nf3 Nbc6 11. Bg5 Rc8 12. Rc1 b5 13. a3 b4 14. axb4 cxb4 15. Ba4
O-O 16. Qd2 Qb6 17. Bxe7 Nxe7 18. Rfd1 Bxe2 19. Qxe2 Bh6 20. Rb1 bxc3 21. bxc3
Qa5 22. Qb5 Qxc3 23. Qa6 Rc7 24. Ne1 1/2-1/2

[Event "BPB Limburg open"]
[Site "Maastricht"]
[Date "2015.05.24"]
[Round "4"]
[White "Schleipfenbauer, Frank"]
[Black "Kalisvaart, Peter"]
[Result "0-1"]
[WhiteElo "2153"]
[BlackElo "2101"]
[PlyCount "62"]
[EventDate "2015.05.22"]
[EventType "swiss"]
[EventRounds "7"]
[EventCountry "NED"]
[Source "P.Boonen"]
[SourceDate "2015.10.01"]

1. e4 e5 2. Bc4 Nf6 3. d3 Bc5 4. Nf3 d6 5. c3 O-O 6. Nbd2 Nc6 7. Bb3 Qe7 8. h3
Bb6 9. Qe2 Be6 10. Bc2 Rad8 11. g4 d5 12. Nf1 dxe4 13. dxe4 Na5 14. Nxe5 Bxa2
15. Rxa2 Qxe5 16. Ng3 Qe6 17. Ra3 Qc4 18. Qxc4 Nxc4 19. Ra4 Na5 20. O-O Rfe8
21. Bg5 h6 22. Bxf6 gxf6 23. Nh5 Rd6 24. Re1 Rd2 25. Nxf6+ Kf8 26. Nxe8 Rxc2
27. Nf6 Bxf2+ 28. Kf1 Bxe1 29. Rxa5 Bf2 30. b4 Bb6 31. Ra3 Rf2+ 0-1

[Event "BPB Limburg open"]
[Site "Maastricht"]
[Date "2015.05.24"]
[Round "4"]
[White "Schoppen, Casper"]
[Black "Vanhuyse, Nele"]
[Result "1-0"]
[WhiteElo "2202"]
[BlackElo "2035"]
[PlyCount "153"]
[EventDate "2015.05.22"]
[EventType "swiss"]
[EventRounds "7"]
[EventCountry "NED"]
[Source "P.Boonen"]
[SourceDate "2015.10.01"]

1. d4 Nf6 2. c4 g6 3. Nf3 Bg7 4. Nc3 d5 5. cxd5 Nxd5 6. e4 Nxc3 7. bxc3 c5 8.
Rb1 O-O 9. Be2 Nc6 10. d5 Bxc3+ 11. Bd2 Bxd2+ 12. Qxd2 Nd4 13. Nxd4 cxd4 14.
Qxd4 Qa5+ 15. Qd2 Qxd2+ 16. Kxd2 Rd8 17. Ke3 e6 18. dxe6 Bxe6 19. Rxb7 Rdb8 20.
Rxb8+ Rxb8 21. Ra1 Rb4 22. f4 f5 23. Bf3 fxe4 24. Bxe4 Kg7 25. a4 a5 26. Bc6
Rc4 27. Bb5 Rc2 28. g3 Rxh2 29. Kd4 Rc2 30. Ke5 Bf5 31. Ra3 h5 32. Kd6 Rf2 33.
Ke5 Rc2 34. Kd6 Rf2 35. Kc5 h4 36. gxh4 Rxf4 37. Kb6 Rxh4 38. Kxa5 Be4 39. Kb6
Rh2 40. Re3 Bh1 41. a5 Kf6 42. a6 g5 43. Bd7 Rb2+ 44. Kc7 Rc2+ 45. Kb6 Rb2+ 46.
Kc5 Rc2+ 47. Kb5 Bd5 48. Kb6 Rb2+ 49. Kc5 Bg2 50. Re6+ Kg7 51. Rb6 Rc2+ 52. Kd6
Kf6 53. Rb5 Ra2 54. Bc8 Be4 55. Rb3 g4 56. Kc7 Kg5 57. Kb6 Kf4 58. Bb7 Bf3 59.
Rb4+ Kg3 60. Bc8 Ra3 61. a7 Ra1 62. Ba6 Ra3 63. Bc8 Ra1 64. Rb3 Kg2 65. Ba6 Bd5
66. Rd3 Rxa6+ 67. Kxa6 Bc4+ 68. Kb6 Bxd3 69. a8=Q+ Kf2 70. Qh1 g3 71. Qh4 Bf1
72. Kc5 Bh3 73. Qxh3 g2 74. Qh2 Kf1 75. Qf4+ Kg1 76. Kd4 Kh1 77. Qh4+ 1-0

[Event "BPB Limburg open"]
[Site "Maastricht"]
[Date "2015.05.24"]
[Round "4"]
[White "Schroer, Marcel"]
[Black "Van der Valk, Niklas"]
[Result "0-1"]
[WhiteElo "2186"]
[BlackElo "2128"]
[PlyCount "102"]
[EventDate "2015.05.22"]
[EventType "swiss"]
[EventRounds "7"]
[EventCountry "NED"]
[Source "P.Boonen"]
[SourceDate "2015.10.01"]

1. d4 Nf6 2. c4 c5 3. d5 e6 4. Nc3 exd5 5. cxd5 d6 6. Nf3 g6 7. Bf4 a6 8. a4
Bg7 9. e3 O-O 10. h3 Ne8 11. Be2 Nd7 12. O-O Qe7 13. a5 Rb8 14. Nd2 Ne5 15. Na4
Bd7 16. Nb6 Bb5 17. Ra3 Nc7 18. Bc4 f5 19. Qc2 g5 20. Bh2 g4 21. hxg4 Nxg4 22.
Bg3 Be5 23. Bxe5 Qxe5 24. g3 Rbe8 25. Kg2 Qg7 26. Rh1 Bxc4 27. Ndxc4 Nb5 28.
Rd3 f4 29. exf4 Rxf4 30. Rd2 Ref8 31. Qxh7+ Qxh7 32. Rxh7 Rxf2+ 33. Rxf2 Rxf2+
34. Kh3 Kxh7 35. Kxg4 Kg6 36. Nc8 Kf6 37. Kh5 Rc2 38. N8b6 Re2 39. Kg4 Re4+ 40.
Kf3 Rd4 41. Ne3 Nc7 42. Nd7+ Kg5 43. Nb6 Rb4 44. Nbc4 Nxd5 45. Nxd6 Rb3 46.
Ndc4 Nxe3 47. Nxe3 Rxb2 48. Ke4 Rd2 49. Ke5 Rd4 50. Nf5 Rd2 51. Nd6 Rxd6 0-1

[Event "BPB Limburg open"]
[Site "Maastricht"]
[Date "2015.05.24"]
[Round "4"]
[White "Stiefel, Roland"]
[Black "Heinert, Eugen"]
[Result "0-1"]
[WhiteElo "2019"]
[BlackElo "2154"]
[PlyCount "72"]
[EventDate "2015.05.22"]
[EventType "swiss"]
[EventRounds "7"]
[EventCountry "NED"]
[Source "P.Boonen"]
[SourceDate "2015.10.01"]

1. d4 d5 2. Nf3 c5 3. e3 Nf6 4. b3 cxd4 5. exd4 Bf5 6. Bd3 Bxd3 7. Qxd3 Nc6 8.
O-O e6 9. a3 Be7 10. Bb2 O-O 11. Nbd2 Rc8 12. Rac1 Qc7 13. b4 Rfd8 14. g3 a6
15. c4 dxc4 16. Nxc4 b5 17. Na5 Qb6 18. Nxc6 Rxc6 19. Ne5 Rcc8 20. Qf3 Bd6 21.
Rfe1 Bxe5 22. dxe5 Nd5 23. Qe4 Qb8 24. Bd4 Rc4 25. Rxc4 bxc4 26. Rc1 Rc8 27.
Bc5 c3 28. a4 Qa8 29. f4 a5 30. f5 axb4 31. Bxb4 Qxa4 32. fxe6 fxe6 33. Qg4 Re8
34. Qh5 g6 35. Qf3 Qxb4 36. Rf1 Rf8 0-1

[Event "BPB Limburg open"]
[Site "Maastricht"]
[Date "2015.05.24"]
[Round "4"]
[White "Tromp, Paul"]
[Black "Scholzen, Wolfgang"]
[Result "1/2-1/2"]
[WhiteElo "2087"]
[BlackElo "2085"]
[PlyCount "77"]
[EventDate "2015.05.22"]
[EventType "swiss"]
[EventRounds "7"]
[EventCountry "NED"]
[Source "P.Boonen"]
[SourceDate "2015.10.01"]

1. e4 e6 2. Nf3 d5 3. Nc3 Nf6 4. e5 Nfd7 5. d4 c5 6. dxc5 Nc6 7. Bf4 Bxc5 8.
Bd3 f6 9. exf6 Nxf6 10. O-O O-O 11. Ne5 Bd6 12. Qe2 a6 13. Bg3 Qc7 14. Rae1
Nxe5 15. Bxe5 Bxe5 16. Qxe5 Qxe5 17. Rxe5 Bd7 18. f3 Kf7 19. Ne2 Rfe8 20. Nd4
Re7 21. Rfe1 Rae8 22. c4 g6 23. c5 Bc6 24. b4 Nd7 25. R5e2 Nb8 26. f4 Bd7 27.
Nf3 Nc6 28. a3 Kf6 29. g4 h6 30. h4 Kg7 31. Ne5 Nxe5 32. fxe5 Rf7 33. Rf1 Rxf1+
34. Kxf1 Rf8+ 35. Rf2 Bb5 36. Bxb5 axb5 37. Rxf8 Kxf8 38. Ke2 Ke7 39. Kd3
1/2-1/2

[Event "BPB Limburg open"]
[Site "Maastricht"]
[Date "2015.05.24"]
[Round "4"]
[White "Van Dooren, Dirk"]
[Black "Lentjes, Noud"]
[Result "1-0"]
[WhiteElo "2284"]
[BlackElo "2091"]
[PlyCount "83"]
[EventDate "2015.05.22"]
[EventType "swiss"]
[EventRounds "7"]
[EventCountry "NED"]
[Source "P.Boonen"]
[SourceDate "2015.10.01"]

1. f4 c5 2. Nf3 Nc6 3. d3 d5 4. g3 Nf6 5. Bg2 g6 6. O-O Bg7 7. c3 O-O 8. Na3 b6
9. Qa4 Bb7 10. e4 e6 11. e5 Nd7 12. Nb5 Ne7 13. Nd6 Bc6 14. Qd1 Qc7 15. g4 Nc8
16. Nxc8 Raxc8 17. Be3 Rfd8 18. Qd2 Bb7 19. Bf2 Nf8 20. Bh4 Rd7 21. d4 b5 22.
dxc5 Qxc5+ 23. Bf2 Qe7 24. Bxa7 b4 25. cxb4 Ba6 26. Bd4 Bxf1 27. Bxf1 Rdc7 28.
Bd3 Nd7 29. g5 Rb8 30. a3 Bf8 31. Qe3 Qd8 32. Kf2 Qc8 33. h4 Be7 34. h5 Nf8 35.
hxg6 fxg6 36. Nh2 Rc2+ 37. Bxc2 Qxc2+ 38. Qe2 Qf5 39. Kg3 Rc8 40. Ng4 Kg7 41.
Qf3 Rc4 42. Ne3 1-0

[Event "BPB Limburg open"]
[Site "Maastricht"]
[Date "2015.05.24"]
[Round "4"]
[White "Van Foreest, Jorden"]
[Black "Bhattacharjee, Sourav"]
[Result "1-0"]
[WhiteElo "2519"]
[BlackElo "2042"]
[PlyCount "113"]
[EventDate "2015.05.22"]
[EventType "swiss"]
[EventRounds "7"]
[EventCountry "NED"]
[Source "P.Boonen"]
[SourceDate "2015.10.01"]

1. e4 e5 2. Nf3 Nc6 3. Bc4 Nf6 4. Ng5 d5 5. exd5 Na5 6. Bb5+ c6 7. dxc6 bxc6 8.
Bd3 Bc5 9. O-O O-O 10. Nc3 h6 11. Nf3 Qc7 12. a3 Bd6 13. b4 Nb7 14. Bb2 a5 15.
Re1 Bg4 16. h3 Bd7 17. Qe2 Rae8 18. Ne4 Nxe4 19. Qxe4 f5 20. Qc4+ Be6 21. Qc3
e4 22. Bc4 Rf7 23. d3 Bd5 24. Rad1 Qb6 25. bxa5 Nxa5 26. Bxd5 cxd5 27. dxe4 Bc5
28. Re2 Rxe4 29. Rxd5 Rxe2 30. Rxc5 Nb7 31. Rc8+ Kh7 32. Nd4 Ree7 33. a4 Rc7
34. Rxc7 Rxc7 35. Qg3 Qxb2 36. Qxc7 Qxd4 37. Qxb7 Qd1+ 38. Kh2 Qxc2 39. Qa7 f4
40. a5 f3 41. g3 Qd1 42. Qe3 Kh8 43. h4 Qa1 44. Qc5 Qa2 45. g4 Qa1 46. h5 Kg8
47. Kg3 Qg1+ 48. Kxf3 Qd1+ 49. Kg3 Qg1+ 50. Kf4 Qh2+ 51. Kf5 Qh3 52. Qd5+ Kh7
53. Ke6 Qa3 54. Kf7 Qc3 55. Qe4+ Kh8 56. Qe8+ Kh7 57. Qg8# 1-0

[Event "BPB Limburg open"]
[Site "Maastricht"]
[Date "2015.05.24"]
[Round "4"]
[White "Van Laatum, Maarten"]
[Black "Vogel, Jaap"]
[Result "1/2-1/2"]
[WhiteElo "2023"]
[BlackElo "2163"]
[PlyCount "44"]
[EventDate "2015.05.22"]
[EventType "swiss"]
[EventRounds "7"]
[EventCountry "NED"]
[Source "P.Boonen"]
[SourceDate "2015.10.01"]

1. e4 e6 2. d4 d5 3. Nc3 Bb4 4. e5 b6 5. a3 Bf8 6. Nce2 Ba6 7. c3 Qd7 8. h4 c5
9. h5 h6 10. Rh3 Nc6 11. Qa4 Bc4 12. Qd1 a5 13. Nf4 Bxf1 14. Kxf1 a4 15. Be3
Na5 16. Qe2 Rc8 17. Nf3 Ne7 18. Rd1 Nf5 19. g4 Nxe3+ 20. fxe3 Qc6 21. g5 Be7
22. Rg3 cxd4 1/2-1/2

[Event "BPB Limburg open"]
[Site "Maastricht"]
[Date "2015.05.24"]
[Round "4"]
[White "Van Meegen, Ruud"]
[Black "Verhoef, Pieter"]
[Result "1/2-1/2"]
[WhiteElo "2151"]
[BlackElo "2027"]
[PlyCount "55"]
[EventDate "2015.05.22"]
[EventType "swiss"]
[EventRounds "7"]
[EventCountry "NED"]
[Source "P.Boonen"]
[SourceDate "2015.10.01"]

1. e4 e5 2. Nf3 Nf6 3. Nxe5 d6 4. Nf3 Nxe4 5. Nc3 Nxc3 6. dxc3 Be7 7. Bf4 O-O
8. Qd2 Nd7 9. O-O-O Nc5 10. h4 Re8 11. Bc4 Be6 12. Bxe6 Nxe6 13. Nd4 Nxd4 14.
Qxd4 Bf6 15. Qd3 Qd7 16. Bg5 Re6 17. Bxf6 Rxf6 18. f3 Re8 19. Rde1 Rfe6 20. Kd1
Rxe1+ 21. Rxe1 Rxe1+ 22. Kxe1 Qe7+ 23. Kf1 Qxh4 24. Qb5 Qh1+ 25. Kf2 Qh4+ 26.
Kf1 Qh1+ 27. Kf2 Qh4+ 28. Kf1 1/2-1/2

[Event "BPB Limburg open"]
[Site "Maastricht"]
[Date "2015.05.24"]
[Round "4"]
[White "Van de Perre, Tom"]
[Black "Lombaers, Peter"]
[Result "1/2-1/2"]
[WhiteElo "2073"]
[BlackElo "2371"]
[PlyCount "60"]
[EventDate "2015.05.22"]
[EventType "swiss"]
[EventRounds "7"]
[EventCountry "NED"]
[Source "P.Boonen"]
[SourceDate "2015.10.01"]

1. e4 Nf6 2. e5 Nd5 3. d4 d6 4. c4 Nb6 5. exd6 exd6 6. Nc3 Be7 7. Bd3 Nc6 8.
Nge2 Bg4 9. Be3 O-O 10. b3 Bf6 11. O-O Re8 12. Qd2 d5 13. c5 Nc8 14. h3 Bxe2
15. Nxe2 N8e7 16. b4 Ng6 17. b5 Nce7 18. a4 Nh4 19. Ng3 Qd7 20. Be2 g6 21. Bg5
Bxg5 22. Qxg5 Nef5 23. Bg4 Qe7 24. Qxe7 Rxe7 25. Bxf5 Nxf5 26. Nxf5 gxf5 27.
Rfe1 Re4 28. Rad1 a6 29. f3 Re6 30. Rxe6 fxe6 1/2-1/2

[Event "BPB Limburg open"]
[Site "Maastricht"]
[Date "2015.05.24"]
[Round "4"]
[White "Van der Auweraert, Elwin"]
[Black "Gutkind, Kedem"]
[Result "1-0"]
[WhiteElo "2260"]
[BlackElo "2005"]
[PlyCount "67"]
[EventDate "2015.05.22"]
[EventType "swiss"]
[EventRounds "7"]
[EventCountry "NED"]
[Source "P.Boonen"]
[SourceDate "2015.10.01"]

1. e4 e6 2. Qe2 c5 3. Nf3 Nc6 4. g3 d6 5. Bg2 Nf6 6. O-O Be7 7. Nc3 O-O 8. Rd1
e5 9. h3 Nd4 10. Nxd4 exd4 11. Nd5 Nxd5 12. exd5 Bg5 13. f4 Re8 14. Qf2 Bf6 15.
d3 b6 16. Bd2 Bb7 17. Be4 c4 18. g4 g6 19. g5 Bg7 20. f5 cxd3 21. cxd3 Be5 22.
Rf1 Qe7 23. f6 Qf8 24. h4 Rac8 25. h5 Rc7 26. Qh4 Rec8 27. Rf3 Qe8 28. Raf1 Kh8
29. hxg6 fxg6 30. f7 Qf8 31. Bxg6 Qg7 32. Bxh7 Qxh7 33. f8=Q+ Rxf8 34. Rxf8+
1-0

[Event "BPB Limburg open"]
[Site "Maastricht"]
[Date "2015.05.24"]
[Round "4"]
[White "Vereggen, Lars"]
[Black "Vrolijk, Liam"]
[Result "1-0"]
[WhiteElo "2299"]
[BlackElo "2045"]
[PlyCount "111"]
[EventDate "2015.05.22"]
[EventType "swiss"]
[EventRounds "7"]
[EventCountry "NED"]
[Source "P.Boonen"]
[SourceDate "2015.10.01"]

1. d4 Nf6 2. c4 g6 3. Nc3 Bg7 4. e4 d6 5. f3 c6 6. Be3 a6 7. Qd2 b5 8. a4 bxc4
9. Bxc4 e6 10. Bd3 a5 11. Nge2 Ba6 12. Bc2 Nbd7 13. Rc1 Rc8 14. O-O O-O 15.
Rfd1 Qe7 16. Bd3 Bxd3 17. Qxd3 e5 18. d5 c5 19. Nb5 Ne8 20. Na7 Ra8 21. Nc6 Qh4
22. Qd2 Bf6 23. Nc3 Nb6 24. b3 Bd8 25. Bh6 Ng7 26. Nb5 Nc8 27. g3 Qh5 28. Kg2
g5 29. Bxg7 Kxg7 30. Rh1 Qg6 31. Qe2 Nb6 32. h4 gxh4 33. Nxd8 Qxg3+ 34. Kf1 Qf4
35. Kf2 Rfxd8 36. Rcg1+ Kf8 37. Rg4 Qf6 38. Rgxh4 Ke7 39. Rh6 Qf4 40. Nc7 Ra7
41. Ne6 fxe6 42. Rxh7+ Kf6 43. Rxa7 exd5 44. Rhh7 Rf8 45. Rab7 Nc8 46. exd5
Qd4+ 47. Qe3 Qb2+ 48. Ke1 Qb1+ 49. Ke2 Qc2+ 50. Qd2 Qxd2+ 51. Kxd2 Re8 52. Ke3
Ne7 53. Ke4 Ng6 54. Rbd7 Nf4 55. Rxd6+ Kg5 56. Rb6 1-0

[Event "BPB Limburg open"]
[Site "Maastricht"]
[Date "2015.05.24"]
[Round "4"]
[White "Volkov, Mykyta"]
[Black "L'Ami, Alina"]
[Result "1/2-1/2"]
[WhiteElo "2126"]
[BlackElo "2381"]
[PlyCount "72"]
[EventDate "2015.05.22"]
[EventType "swiss"]
[EventRounds "7"]
[EventCountry "NED"]
[Source "P.Boonen"]
[SourceDate "2015.10.01"]

1. d4 Nf6 2. c4 g6 3. Nc3 Bg7 4. e4 d6 5. Nf3 O-O 6. Be2 Bg4 7. Be3 Nfd7 8. Rc1
c5 9. d5 Na6 10. O-O Nc7 11. h3 Bxf3 12. Bxf3 a6 13. a4 Rb8 14. Be2 Re8 15. Qd2
Nf8 16. Rcd1 Qd7 17. f4 Rbd8 18. f5 Qc8 19. Bg4 Nd7 20. Qf2 Qb8 21. fxg6 fxg6
22. Bxd7 Rxd7 23. Qh4 Rf8 24. Rxf8+ Qxf8 25. Rf1 Qe8 26. Bh6 e5 27. dxe6 Qxe6
28. Bxg7 Kxg7 29. Nd5 Ne8 30. Qg3 Rf7 31. Rxf7+ Kxf7 32. Qb3 Qxe4 33. Qxb7+ Kf8
34. Qxh7 Qe1+ 35. Kh2 Qe5+ 36. Kh1 Qe1+ 1/2-1/2